Countries By Vehicles Per Capita - Statistics

General Stats
  • This quiz has been taken 8 times
  • The average score is 15 of 20
Answer Stats
Vehicles per 1000 people Answer % Correct
555 Germany
100%
730 Australia
88%
670 Canada
88%
752 Finland
88%
716 Finland
88%
824 Iceland
88%
615 Italy
88%
613 Japan
88%
899 Monaco
88%
838 United States
88%
550 Austria
75%
860 New Zealand
75%
625 Spain
75%
648 Luxembourg
63%
563 Poland
63%
1263 San Marino
63%
685 Switzerland
63%
773 Liechtenstein
50%
593 Malta
50%
721 Brunei
13%
No matching quizzes found
Score Distribution
Percent of People with Each Score
Percentile by Number Answered
Your Score History
You have not taken this quiz